000 00662nam a2200217 4500
003 OSt
005 20240703030433.0
006 a
008 240703b |||||||| |||| 00| 0 eng d
020 _a9789710445295
040 _aDWCL-Main lib.
_cOC
082 _aFil. 155.2 M189p 2008
100 _aMagalona, Ethel
245 _aPersonality development and human relation : a practical approach /
260 _aManila :
_bMindshapers Co., Inc.,
_cc2008.
300 _avii,
_b123 p. : ill. ;
_c23 cm.
504 _aIncludes bibliographical references.
650 _a1. Personality.
650 _a2. Interpersonal relations.
942 _2ddc
_n0
_cBK - FIL
_kFil.
999 _c1862
_d1862